LEADER 00853nam a2200205 i 4500 001 000000005259 003 CaOOAMICUS 005 20180830125437.0 008 180830s1848 xxk u000 u und u 040 $aSeMil$bita 100 1 $aMacaulay, Thomas Babington,$d<1800-1859>.$0(OLS)http://semarc/name/89448 245 10$aCritical and historical essays :$bcontributed to the Edinburgh Review /$cby Thomas Babington Macaulay. 250 $a5. Ed. 260 $aLondon :$bLongman, Brown, Green, and Longmans,$c1848. 300 $a3 v. ;$c24 cm. 774 0 $tVol. 1.$g1$w()258122 774 0 $tVol. 3.$g3$w()258123 774 0 $tVol. 2.$g2$w()258124 996 $6245$aCritical and historical essays :$bcontributed to the Edinburgh Review$9(OLS)http://semarc/title/400944 996 $6260$aLondon :$bLongman, Brown, Green, and Longmans$9(OLS)http://semarc/publisher/55726